El hilo de Ariadna: ensayos /
Guardat en:
| Autor principal: | |
|---|---|
| Altres autors: | , , , , , |
| Format: | Desconegut |
| Idioma: | Spanish |
| Publicat: |
San José, Costa Rica:
Editorial Costa Rica,
1965.
|
| Matèries: | |
| Etiquetes: |
Afegir etiqueta
Sense etiquetes, Sigues el primer a etiquetar aquest registre!
|
MARC
| LEADER | 000000000a22000000004500 | ||
|---|---|---|---|
| 001 | 000887 | ||
| 008 | 141216b1965 cr c||||r|||| 000 e spa d | ||
| 040 | |a CRU CIICLA | ||
| 041 | 0 | |a español | |
| 082 | |a CR864.4 |b P122h | ||
| 100 | 1 | |a Pacheco, León |d 1900-1980 | |
| 245 | 1 | 3 | |a El hilo de Ariadna: |b ensayos / |c León Pacheco |
| 260 | |a San José, Costa Rica: |b Editorial Costa Rica, |c 1965. | ||
| 300 | |a 193 páginas: |b retratos | ||
| 505 | |t André Gide o el demonio de la inquietud -- Jean Cocteau o el angelismo en la poesía -- Paul Verlaine o dionysos en accion -- Víctor Hugo o la leyenda de Francia -- Miguel de Montaigne o la novela de la soledad -- Blas Pascal o la mística rebelde. | ||
| 650 | 4 | |a ENSAYO | |
| 650 | 4 | |9 76 |a LITERATURA COSTARRICENSE | |
| 700 | 1 | 4 | |a COCTEAU, JEAN |d 1889-1963 |
| 700 | 1 | 4 | |a GIDE, ANDRE |d 1869-1951 |
| 700 | 1 | 4 | |a HUGO, VICTOR MARIE, COMTE |d 1802-1885 |
| 700 | 1 | 4 | |a MONTAIGNE, MICHEL EYQUEM DE |d 1533-1592 |
| 700 | 1 | 4 | |a PASCAL, BLAISE |d 1623-1662 |
| 700 | 1 | 4 | |a VERLAINE, PAUL MARIE |d 1844-1896 |
| 942 | |2 ddc |c BK | ||
| 999 | |c 1660 |d 1660 | ||
